000 01462nam0a22003251 4500
001 rc\2211536
005 20260407112511.0
035 _a(NLR Aleph) 006696321
090 _a5197889
_c5197889
100 _a20110829d1978 |||y0rusy50 ca
101 0 _arus
102 _aRU
105 _aa z |||||
200 1 _aПосольно-свежьевой траулер "Баренцево море"
_eМетод. пособие и инструкции для плавсостава
_fГос. проект.-конструкт. ин-т рыбопромысл. флота "Гипрорыбфлот"
_g[Разраб. А.В. Анцевич, А.П. Бибиксаров, П.К. Егоров и др.]
_gПод общ. ред. к. т. н. Р.В. Кузьмина
210 _aЛенинград
_cСудостроение
_d1978
215 _a320 с.
_cил.
_d22
320 _aСписок лит.: с. 318 (21 назв.)
606 _aТраулеры
_2psbo
702 1 _aЕгоров
_bП.К.
_4220
702 1 _aКузьмин
_bР.В.
_gРичард Васильевич
_4340
702 1 _aБибиксаров
_bА.П.
_4220
702 1 _aАнцевич
_bА.В.
_4220
712 0 2 _a"Гипрорыбфлот", институт
_cЛенинград
_3RU\NLR\AUTH\889941163
_9377180
801 1 _aRU
_bELAR
_2rusmarc
801 0 _aRU
_bNLR
_gpsbo
852 _aNLR
_j78-5/2988
899 _aRuMoRGB
_jБ 78-28/25
899 _aRuMoRGB
_jБ 78-28/26
942 _cBOOK
980 _aNB